Normal view
MARC view
- Swain, S
Entry Personal Name
001 - CONTROL NUMBER
- control field: 7062
003 - CONTROL NUMBER IDENTIFIER
- control field: OSt
005 - DATE AND TIME OF LATEST TRANSACTION
- control field: 20250204143002.0
008 - FIXED-LENGTH DATA ELEMENTS
- fixed length control field: 250204|| aca||aabn | a|a d
040 ## - CATALOGING SOURCE
- Original cataloging agency: OSt
- Transcribing agency: OSt
100 ## - HEADING--PERSONAL NAME
- Personal name: Swain, S
670 ## - SOURCE DATA FOUND
- Source citation: Work cat.: (OSt)19289: Ghosh, RK 7061, Practical Agricultural Engineering
